Leaves of grass and other writings : (Record no. 532772)
[ view plain ]
| 000 -LEADER | |
|---|---|
| fixed length control field | 01283cam a2200325 a 4500 |
| 001 - CONTROL NUMBER | |
| control field | 12452638 |
| 003 - CONTROL NUMBER IDENTIFIER | |
| control field | NUST |
| 005 - DATE AND TIME OF LATEST TRANSACTION | |
| control field | 20191202174816.0 |
| 008 - FIXED-LENGTH DATA ELEMENTS--GENERAL INFORMATION | |
| fixed length control field | 010626s2002 nyuc b 001 0 eng |
| 010 ## - LIBRARY OF CONGRESS CONTROL NUMBER | |
| LC control number | 2001045248 |
| 020 ## - INTERNATIONAL STANDARD BOOK NUMBER | |
| International Standard Book Number | 0393974960 |
| 038 ## - RECORD CONTENT LICENSOR | |
| Staff Name | MSOHAIL |
| 040 ## - CATALOGING SOURCE | |
| Original cataloging agency | DLC |
| Transcribing agency | DLC |
| Modifying agency | DLC |
| 050 00 - LIBRARY OF CONGRESS CALL NUMBER | |
| Classification number | PS3204 |
| Item number | 2002 |
| 082 00 - DEWEY DECIMAL CLASSIFICATION NUMBER | |
| Classification number | 811.3 |
| Edition number | 21 |
| 100 1# - MAIN ENTRY--PERSONAL NAME | |
| Personal name | Whitman, Walt, |
| Dates associated with a name | 1819-1892. |
| 9 (RLIN) | 26355 |
| 240 10 - UNIFORM TITLE | |
| Uniform title | Works. |
| Form subheading | Selections. |
| Date of a work | 2002 |
| 245 10 - TITLE STATEMENT | |
| Title | Leaves of grass and other writings : |
| Remainder of title | authoritative texts, other poetry and prose, criticism / |
| Statement of responsibility, etc. | Walt Whitman ; edited by Michael Moon. |
| 250 ## - EDITION STATEMENT | |
| Edition statement | Expanded and rev. ed. based on the Norton critical edition of Leaves of grass edited by Sculley Bradley and Harold W. Blodgett. |
| 260 ## - PUBLICATION, DISTRIBUTION, ETC. | |
| Place of publication, distribution, etc. | New York : |
| Name of publisher, distributor, etc. | Norton, |
| Date of publication, distribution, etc. | c2002. |
| 300 ## - PHYSICAL DESCRIPTION | |
| Extent | lii, 919 p. : |
| Other physical details | ports. ; |
| Dimensions | 24 cm. |
| 440 #2 - SERIES STATEMENT/ADDED ENTRY--TITLE | |
| Title | A Norton critical edition |
| 9 (RLIN) | 26356 |
| 504 ## - BIBLIOGRAPHY, ETC. NOTE | |
| Bibliography, etc. note | Includes bibliographical references (905-906) and index. |
| 700 1# - ADDED ENTRY--PERSONAL NAME | |
| Personal name | Moon, Michael. |
| 9 (RLIN) | 26357 |
| 700 1# - ADDED ENTRY--PERSONAL NAME | |
| Personal name | Bradley, Sculley, |
| Dates associated with a name | 1897-1987. |
| 9 (RLIN) | 26358 |
| 700 1# - ADDED ENTRY--PERSONAL NAME | |
| Personal name | Blodgett, Harold William, |
| Dates associated with a name | 1900- |
| 9 (RLIN) | 26359 |
| 906 ## - LOCAL DATA ELEMENT F, LDF (RLIN) | |
| a | 7 |
| b | cbc |
| c | orignew |
| d | 1 |
| e | ocip |
| f | 20 |
| g | y-gencatlg |
| 942 ## - ADDED ENTRY ELEMENTS (KOHA) | |
| Source of classification or shelving scheme | |
| Koha item type | Book |
| Withdrawn status | Lost status | Source of classification or shelving scheme | Damaged status | Not for loan | Permanent Location | Current Location | Date acquired | Total Checkouts | Full call number | Barcode | Date last seen | Price effective from | Koha item type |
|---|---|---|---|---|---|---|---|---|---|---|---|---|---|
| School of Civil and Environmental Engineering (SCEE) | School of Civil and Environmental Engineering (SCEE) | 12/02/2019 | 811.3 | NIT-12603 | 12/02/2019 | 12/02/2019 | Book |
